The Beatles - White Album I - Statistics

General Stats
  • This quiz has been taken 16 times
  • The average score is 13 of 17
Answer Stats
Hint Answer % Correct
1 Back in the U.S.S.R
93%
11 Blackbird
86%
2 Dear Prudence
86%
3 Glass Onion
86%
6 The Continuing Story of Bungalow Bill
86%
9 Martha My Dear
79%
4 Ob-La-Di, Ob-La-Da
79%
7 While My Guitar Gently Weeps
79%
8 Happiness is a Warm Gun
71%
13 Rocky Raccoon
71%
15 Why Don't We Do It In the Road?
71%
5 Wild Honey Pie
71%
17 Julia
64%
12 Piggies
64%
14 Don't Pass me By
57%
10 I'm so Tired
57%
16 I Will
57%
No matching quizzes found
Score Distribution
Percent of People with Each Score
Percentile by Number Answered
Your Score History
You have not taken this quiz